Entry Personal Name
Number of records used in: 1
001 - CONTROL NUMBER
003 - CONTROL NUMBER IDENTIFIER
005 - DATE AND TIME OF LATEST TRANSACTION
- control field:
20231128102410.0
008 - FIXED-LENGTH DATA ELEMENTS
- fixed length control field:
851003n| azannaabn |n aaa c
010 ## - LIBRARY OF CONGRESS CONTROL NUMBER
- LC control number:
n 85818395
035 ## - SYSTEM CONTROL NUMBER
- System control number:
(OCoLC)oca01401776
035 ## - SYSTEM CONTROL NUMBER
- System control number:
(CaEvSKY)skya2700638
040 ## - CATALOGING SOURCE
- Original cataloging agency:
ICU
- Language of cataloging:
eng
- Description conventions:
rda
- Transcribing agency:
ICU
- Modifying agency:
DLC
- Modifying agency:
OCoLC
- Modifying agency:
MX-SlUA
- Modifying agency:
DLC
046 ## - SPECIAL CODED DATES
- Birth date:
1930-04-24
- Death date:
2018-10-20
- Source of date scheme:
edtf
100 1# - HEADING--PERSONAL NAME
- Personal name:
Manning, Aubrey
370 ## - ASSOCIATED PLACE
- Place of birth:
Chiswick (London, England)
- Other associated place:
Edinburgh (Scotland)
- Source of term:
naf
372 ## - FIELD OF ACTIVITY
- Field of activity:
Animal behavior
- End period:
Television broadcasting
- Source of term:
lcsh
373 ## - ASSOCIATED GROUP
- Associated group:
University of Edinburgh
- Source of term:
naf
- Start period:
1956
- End period:
1997
374 ## - OCCUPATION
- Occupation:
Ethologists
- Occupation:
Television personalities
- Source of term:
lcsh
375 ## - GENDER
377 ## - ASSOCIATED LANGUAGE
378 ## - FULLER FORM OF PERSONAL NAME
- Fuller form of personal name:
Aubrey William George
670 ## - SOURCE DATA FOUND
- Source citation:
LCCN 67-112625: Author's An introduction to animal behaviour, 1967
- Information found:
(hdg.: Manning, Aubrey)
670 ## - SOURCE DATA FOUND
- Source citation:
An introduction to animal behavior, 1998:
- Information found:
CIP t.p. (Aubrey Manning; University of Edinburgh) data sheet (b. April 24,1930)
670 ## - SOURCE DATA FOUND
- Source citation:
LC data base, 7-31-85
- Information found:
(hdg.: Manning, Aubrey; usage: Aubrey Manning)
670 ## - SOURCE DATA FOUND
- Source citation:
Introducción a la conducta animal, 1985:
- Information found:
title page (Aubrey Manning)
670 ## - SOURCE DATA FOUND
- Source citation:
Guardian WWW site, viewed Nov. 13, 2018
- Information found:
(Aubrey Manning; Aubrey William George Manning, scientist, conservationist and television presenter, born 24 April 1930, Chiswick, west London; died 20 October 2018; ethologist; In 1956 Aubrey joined the University of Edinburgh as an assistant lecturer in zoology, rising to professor of natural history by 1971, and retiring in 1997)